Applied geophysics (Record no. 84283)
[ view plain ]
| 000 -LEADER | |
|---|---|
| fixed length control field | 01241nam a2200229 a 4500 |
| 008 - FIXED-LENGTH DATA ELEMENTS--GENERAL INFORMATION | |
| fixed length control field | 120416s1990 ||||||||||||||||| || u |
| 020 ## - INTERNATIONAL STANDARD BOOK NUMBER | |
| International Standard Book Number | 0521339383 |
| 050 ## - LIBRARY OF CONGRESS CALL NUMBER | |
| Classification number | QC 806 App |
| 100 ## - MAIN ENTRY--PERSONAL NAME | |
| Personal name | Telford, W. M |
| 245 10 - TITLE STATEMENT | |
| Title | Applied geophysics |
| 250 ## - EDITION STATEMENT | |
| Edition statement | 2nd ed. |
| 260 ## - PUBLICATION, DISTRIBUTION, ETC. | |
| Place of publication, distribution, etc. | Cambridge |
| Name of publisher, distributor, etc. | Cambridge University Press |
| Date of publication, distribution, etc. | 1990 |
| 350 ## - | |
| -- | 0.00 |
| 650 #0 - SUBJECT ADDED ENTRY--TOPICAL TERM | |
| Topical term or geographic name entry element | PHYSICS |
| 650 ## - SUBJECT ADDED ENTRY--TOPICAL TERM | |
| Topical term or geographic name entry element | Prospecting--Geophysical methods |
| 700 ## - ADDED ENTRY--PERSONAL NAME | |
| Personal name | Sheriff, R. E |
| 995 ## - | |
| -- | MAIN LIBRARY OPEN ACCESS |
| -- | 0.00 |
| -- | 731690 |
| -- | CBU-MAIN LIBRARY (Kitwe) |
| -- | 5 |
| -- | 30.00 |
| -- | QC 806 App |
| -- | 5 |
| -- | AVAILABLE |
| -- | 029388 |
| -- | Main Library Open Access Collection |
| 995 ## - | |
| -- | MAIN LIBRARY OPEN ACCESS |
| -- | 0.00 |
| -- | 730961 |
| -- | CBU-MAIN LIBRARY (Kitwe) |
| -- | 1 |
| -- | 30.00 |
| -- | QC 806 App |
| -- | 1 |
| -- | AVAILABLE |
| -- | 028061 |
| -- | Main Library Open Access Collection |
| 995 ## - | |
| -- | ANNEX COLLECTION (Main Library) |
| -- | 0.00 |
| -- | 731691 |
| -- | CBU-MAIN LIBRARY (Kitwe) |
| -- | 3 |
| -- | 30.00 |
| -- | QC 806 App |
| -- | 3 |
| -- | AVAILABLE |
| -- | 029348 |
| -- | Annex Low-Usage Collection |
| 995 ## - | |
| -- | ANNEX COLLECTION (Main Library) |
| -- | 0.00 |
| -- | 731625 |
| -- | CBU-MAIN LIBRARY (Kitwe) |
| -- | 4 |
| -- | 30.00 |
| -- | QC 806 App |
| -- | 4 |
| -- | AVAILABLE |
| -- | 028810 |
| -- | Annex Low-Usage Collection |
| 995 ## - | |
| -- | ANNEX COLLECTION (Main Library) |
| -- | 0.00 |
| -- | 733792 |
| -- | CBU-MAIN LIBRARY (Kitwe) |
| -- | 2 |
| -- | 30.00 |
| -- | QC 806 App |
| -- | 2 |
| -- | AVAILABLE |
| -- | 46055 |
| -- | Annex Low-Usage Collection |
| 999 ## - | |
| -- | 84283 |
| -- | 84283 |
| Withdrawn status | Lost status | Source of classification or shelving scheme | Damaged status | Not for loan | Permanent Location | Current Location | Shelving location | Date acquired | Total Checkouts | Full call number | Barcode | Date last seen | Copy number | Price effective from | Koha item type |
|---|---|---|---|---|---|---|---|---|---|---|---|---|---|---|---|
| CBU-MAIN LIBRARY, KITWE. | CBU-MAIN LIBRARY, KITWE. | 01/25/2024 | QC 806 App | 029388 | 01/25/2024 | 1 | 01/25/2024 | MONOGRAPH | |||||||
| CBU-MAIN LIBRARY, KITWE. | CBU-MAIN LIBRARY, KITWE. | 01/25/2024 | QC 806 App | 028061 | 01/25/2024 | 2 | 01/25/2024 | MONOGRAPH | |||||||
| CBU-MAIN LIBRARY, KITWE. | CBU-MAIN LIBRARY, KITWE. | 01/25/2024 | QC 806 App | 029348 | 01/25/2024 | 3 | 01/25/2024 | MONOGRAPH | |||||||
| CBU-MAIN LIBRARY, KITWE. | CBU-MAIN LIBRARY, KITWE. | 01/25/2024 | QC 806 App | 028810 | 01/25/2024 | 4 | 01/25/2024 | MONOGRAPH | |||||||
| Withdrawn | CBU-MAIN LIBRARY, KITWE. | CBU-MAIN LIBRARY, KITWE. | 01/25/2024 | QC 806 App | 46055 | 01/25/2024 | 5 | 01/25/2024 | MONOGRAPH |